ბათუმის შოთა რუსთაველის სახელმწიფო უნივერსიტეტის ბიბლიოთეკა

ჩანაწერი Personal Name

ჩანაწერთა რაოდენობა, რომელიც გამოყენებულია: 2

001 - CONTROL NUMBER

  • control field: 8393

003 - CONTROL NUMBER IDENTIFIER

  • control field: GE_BSU

005 - DATE AND TIME OF LATEST TRANSACTION

  • control field: 20200615114839.0

008 - FIXED-LENGTH DATA ELEMENTS

  • fixed length control field: 200615|| aca||aabn | a|a d

040 ## - CATALOGING SOURCE

  • Original cataloging agency: GE_BSU
  • Transcribing agency: GE_BSU

100 ## - HEADING--PERSONAL NAME

  • Personal name: Bradley, W. G.
  • Fuller form of name: (Walter George)

670 ## - SOURCE DATA FOUND

  • Source citation: Work cat.: (GE_BSU)0: Bradley's neurology in clinical practice /, c2012.